<?xml version="1.0" encoding="UTF-8"?>
<record
    xmlns:xsi="http://www.w3.org/2001/XMLSchema-instance"
    xsi:schemaLocation="http://www.loc.gov/MARC21/slim http://www.loc.gov/standards/marcxml/schema/MARC21slim.xsd"
    xmlns="http://www.loc.gov/MARC21/slim">

  <leader>02442nam a22003137a 4500</leader>
  <controlfield tag="003">NALT</controlfield>
  <controlfield tag="005">20250718100319.0</controlfield>
  <controlfield tag="008">250617b        th ||||| |||| 00| 0 tha d</controlfield>
  <datafield tag="020" ind1=" " ind2=" ">
    <subfield code="a">9786163888143</subfield>
  </datafield>
  <datafield tag="040" ind1=" " ind2=" ">
    <subfield code="a">NALT</subfield>
  </datafield>
  <datafield tag="050" ind1=" " ind2=" ">
    <subfield code="a">JK 421</subfield>
    <subfield code="b">&#xE18;285&#xE2D; 2568</subfield>
  </datafield>
  <datafield tag="100" ind1="0" ind2=" ">
    <subfield code="a">&#xE18;&#xE40;&#xE19;&#xE28; &#xE2D;&#xE32;&#xE20;&#xE23;&#xE13;&#xE4C;&#xE2A;&#xE38;&#xE27;&#xE23;&#xE23;&#xE13;.</subfield>
    <subfield code="9">201</subfield>
  </datafield>
  <datafield tag="245" ind1="1" ind2="0">
    <subfield code="a">Make America great again : </subfield>
    <subfield code="b">&#xE2D;&#xE40;&#xE21;&#xE23;&#xE34;&#xE01;&#xE32;&#xE01;&#xE23;&#xE30;&#xE08;&#xE38;&#xE22; &#xE23;&#xE30;&#xE40;&#xE1A;&#xE35;&#xE22;&#xE1A;&#xE42;&#xE25;&#xE01;&#xE01;&#xE23;&#xE30;&#xE08;&#xE32;&#xE22;&#xE20;&#xE32;&#xE22;&#xE43;&#xE15;&#xE49;&#xE17;&#xE23;&#xE31;&#xE21;&#xE1B;&#xE4C; /</subfield>
    <subfield code="c">&#xE18;&#xE40;&#xE19;&#xE28; &#xE2D;&#xE32;&#xE20;&#xE23;&#xE13;&#xE4C;&#xE2A;&#xE38;&#xE27;&#xE23;&#xE23;&#xE13;.</subfield>
  </datafield>
  <datafield tag="250" ind1=" " ind2=" ">
    <subfield code="a">&#xE1E;&#xE34;&#xE21;&#xE1E;&#xE4C;&#xE04;&#xE23;&#xE31;&#xE49;&#xE07;&#xE41;&#xE23;&#xE01;.</subfield>
  </datafield>
  <datafield tag="260" ind1=" " ind2=" ">
    <subfield code="a">&#xE01;&#xE23;&#xE38;&#xE07;&#xE40;&#xE17;&#xE1E;&#xE2F; :</subfield>
    <subfield code="b">&#xE41;&#xE2A;&#xE07;&#xE14;&#xE32;&#xE27;,</subfield>
    <subfield code="c">2568.</subfield>
  </datafield>
  <datafield tag="300" ind1=" " ind2=" ">
    <subfield code="a">512 &#xE2B;&#xE19;&#xE49;&#xE32; : </subfield>
    <subfield code="b">&#xE20;&#xE32;&#xE1E;&#xE1B;&#xE23;&#xE30;&#xE01;&#xE2D;&#xE1A; ;</subfield>
    <subfield code="c">21 &#xE0B;&#xE21;.</subfield>
  </datafield>
  <datafield tag="505" ind1="2" ind2=" ">
    <subfield code="a">1 &#xE17;&#xE23;&#xE31;&#xE21;&#xE1B;&#xE4C; 101: &#xE17;&#xE35;&#xE48;&#xE21;&#xE32;&#xE41;&#xE25;&#xE30;&#xE17;&#xE35;&#xE48;&#xE44;&#xE1B;&#xE02;&#xE2D;&#xE07;&#xE2A;&#xE2B;&#xE23;&#xE31;&#xE10;&#xE2D;&#xE40;&#xE21;&#xE23;&#xE34;&#xE01;&#xE32;&#xE22;&#xE38;&#xE04;&#xE1B;&#xE23;&#xE30;&#xE18;&#xE32;&#xE19;&#xE32;&#xE18;&#xE34;&#xE1A;&#xE14;&#xE35;&#xE17;&#xE23;&#xE31;&#xE21;&#xE1B;&#xE4C; -- 2 &#xE2D;&#xE33;&#xE19;&#xE32;&#xE08;&#xE1A;&#xE23;&#xE34;&#xE2B;&#xE32;&#xE23;: &#xE25;&#xE49;&#xE19;&#xE1E;&#xE49;&#xE19;&#xE2B;&#xE23;&#xE37;&#xE2D;&#xE08;&#xE33;&#xE01;&#xE31;&#xE14; -- 3 Capitol hill: &#xE2D;&#xE33;&#xE19;&#xE32;&#xE08;&#xE19;&#xE34;&#xE15;&#xE34;&#xE1A;&#xE31;&#xE0D;&#xE0D;&#xE31;&#xE15;&#xE34;&#xE2B;&#xE23;&#xE37;&#xE2D;&#xE23;&#xE31;&#xE10;&#xE2A;&#xE20;&#xE32;&#xE04;&#xE2D;&#xE07;&#xE40;&#xE01;&#xE23;&#xE2A;&#xE17;&#xE48;&#xE32;&#xE21;&#xE01;&#xE25;&#xE32;&#xE07;&#xE27;&#xE34;&#xE01;&#xE24;&#xE15;&#xE01;&#xE32;&#xE23;&#xE13;&#xE4C; -- 4 &#xE2D;&#xE33;&#xE19;&#xE32;&#xE08;&#xE15;&#xE38;&#xE25;&#xE32;&#xE01;&#xE32;&#xE23;&#xE23;&#xE30;&#xE17;&#xE36;&#xE01; &#xE20;&#xE32;&#xE22;&#xE43;&#xE15;&#xE49;&#xE42;&#xE14;&#xE19;&#xE31;&#xE25;&#xE14;&#xE4C; &#xE17;&#xE23;&#xE31;&#xE21;&#xE1B;&#xE4C; -- 5 &#xE40;&#xE28;&#xE23;&#xE29;&#xE10;&#xE01;&#xE34;&#xE08;&#xE01;&#xE32;&#xE23;&#xE40;&#xE21;&#xE37;&#xE2D;&#xE07;&#xE02;&#xE2D;&#xE07;&#xE23;&#xE31;&#xE10;&#xE1A;&#xE32;&#xE25;&#xE17;&#xE23;&#xE31;&#xE21;&#xE1B;&#xE4C; -- 6 &#xE19;&#xE42;&#xE22;&#xE1A;&#xE32;&#xE22;&#xE15;&#xE48;&#xE32;&#xE07;&#xE1B;&#xE23;&#xE30;&#xE40;&#xE17;&#xE28;&#xE19;&#xE2D;&#xE01;&#xE01;&#xE23;&#xE2D;&#xE1A;&#xE02;&#xE2D;&#xE07;&#xE17;&#xE23;&#xE31;&#xE21;&#xE1B;&#xE4C; -- 7 &#xE01;&#xE32;&#xE23;&#xE40;&#xE2B;&#xE22;&#xE35;&#xE22;&#xE14;&#xE1C;&#xE34;&#xE27; (racism) &#xE40;&#xE1E;&#xE28;&#xE2A;&#xE20;&#xE32;&#xE1E; (gender) &#xE41;&#xE25;&#xE30;&#xE2A;&#xE37;&#xE48;&#xE2D;&#xE21;&#xE27;&#xE25;&#xE0A;&#xE19; (social media) -- 8 &#xE2D;&#xE19;&#xE32;&#xE04;&#xE15;&#xE1B;&#xE23;&#xE30;&#xE0A;&#xE32;&#xE18;&#xE34;&#xE1B;&#xE44;&#xE15;&#xE22;&#xE2D;&#xE40;&#xE21;&#xE23;&#xE34;&#xE01;&#xE32;&#xE43;&#xE19;&#xE42;&#xE25;&#xE01;&#xE22;&#xE38;&#xE04;&#xE2B;&#xE25;&#xE31;&#xE07;&#xE17;&#xE23;&#xE31;&#xE21;&#xE1B;&#xE4C; (Post-Trump).</subfield>
  </datafield>
  <datafield tag="600" ind1="1" ind2="4">
    <subfield code="a">&#xE17;&#xE23;&#xE31;&#xE21;&#xE1B;&#xE4C;, &#xE42;&#xE14;&#xE19;&#xE31;&#xE25;&#xE14;&#xE4C; &#xE40;&#xE08;.</subfield>
    <subfield code="d">&#xE04;.&#xE28;. 1946-</subfield>
    <subfield code="9">12509</subfield>
  </datafield>
  <datafield tag="600" ind1="1" ind2="4">
    <subfield code="a">Trump, Donald,</subfield>
    <subfield code="c"> </subfield>
    <subfield code="d">1946-</subfield>
    <subfield code="9">30303</subfield>
  </datafield>
  <datafield tag="650" ind1=" " ind2="4">
    <subfield code="a">&#xE1B;&#xE23;&#xE30;&#xE18;&#xE32;&#xE19;&#xE32;&#xE18;&#xE34;&#xE1A;&#xE14;&#xE35;</subfield>
    <subfield code="z">&#xE2A;&#xE2B;&#xE23;&#xE31;&#xE10;&#xE2D;&#xE40;&#xE21;&#xE23;&#xE34;&#xE01;&#xE32;</subfield>
    <subfield code="9">22672</subfield>
  </datafield>
  <datafield tag="651" ind1=" " ind2="4">
    <subfield code="a">&#xE2A;&#xE2B;&#xE23;&#xE31;&#xE10;&#xE2D;&#xE40;&#xE21;&#xE23;&#xE34;&#xE01;&#xE32; </subfield>
    <subfield code="x">&#xE01;&#xE32;&#xE23;&#xE40;&#xE21;&#xE37;&#xE2D;&#xE07;&#xE41;&#xE25;&#xE30;&#xE01;&#xE32;&#xE23;&#xE1B;&#xE01;&#xE04;&#xE23;&#xE2D;&#xE07;</subfield>
    <subfield code="9">14930</subfield>
  </datafield>
  <datafield tag="850" ind1=" " ind2=" ">
    <subfield code="a">NALT</subfield>
  </datafield>
  <datafield tag="942" ind1=" " ind2=" ">
    <subfield code="2">lcc</subfield>
    <subfield code="c">GB</subfield>
  </datafield>
  <datafield tag="996" ind1=" " ind2=" ">
    <subfield code="a">jidapa.t</subfield>
    <subfield code="b">ACQSTF</subfield>
    <subfield code="c">2025-06-17</subfield>
  </datafield>
  <datafield tag="996" ind1=" " ind2=" ">
    <subfield code="a">varee.k</subfield>
    <subfield code="b">LIBSTF</subfield>
    <subfield code="c">2025-06-19</subfield>
  </datafield>
  <datafield tag="996" ind1=" " ind2=" ">
    <subfield code="a">saiphon.d</subfield>
    <subfield code="b">CATSTF	</subfield>
    <subfield code="c">2025-07-03</subfield>
  </datafield>
  <datafield tag="999" ind1=" " ind2=" ">
    <subfield code="c">106929</subfield>
    <subfield code="d">106929</subfield>
  </datafield>
  <datafield tag="998" ind1=" " ind2=" ">
    <subfield code="j">8</subfield>
    <subfield code="k"> &#xE19;&#xE32;&#xE22;&#xE1A;&#xE31;&#xE13;&#xE11;&#xE34;&#xE15;  &#xE2D;&#xE38;&#xE17;&#xE32;&#xE27;&#xE07;&#xE04;&#xE4C;</subfield>
  </datafield>
  <datafield tag="952" ind1=" " ind2=" ">
    <subfield code="0">0</subfield>
    <subfield code="1">0</subfield>
    <subfield code="2">lcc</subfield>
    <subfield code="4">0</subfield>
    <subfield code="7">0</subfield>
    <subfield code="8">CGBL</subfield>
    <subfield code="a">NALT</subfield>
    <subfield code="b">NALT</subfield>
    <subfield code="c">GEN</subfield>
    <subfield code="d">2025-06-17</subfield>
    <subfield code="l">1</subfield>
    <subfield code="m">1</subfield>
    <subfield code="o">JK 421 &#xE18;285&#xE2D; 2568</subfield>
    <subfield code="p">3961215442</subfield>
    <subfield code="r">2025-08-06 00:00:00</subfield>
    <subfield code="s">2025-07-18</subfield>
    <subfield code="w">2025-06-17</subfield>
    <subfield code="y">GB</subfield>
  </datafield>
</record>
